Online
Catalog

Código de trabajo. (Record no. 5618)

MARC details
000 -CABECERA
campo de control de longitud fija 01167nam a2200265 a 4500
001 - NÚMERO DE CONTROL
campo de control 000005822
005 - FECHA Y HORA DE LA ÚLTIMA TRANSACCIÓN
campo de control 20200929151811.0
008 - DATOS DE LONGITUD FIJA--INFORMACIÓN GENERAL
campo de control de longitud fija 090824s1964 dr 000 0 spa d
040 ## - FUENTE DE LA CATALOGACIÓN
Centro catalogador/agencia de origen DO-SdBNP
Lengua de catalogación spa
Centro/agencia transcriptor BNPHU
082 ## - NÚMERO DE LA CLASIFICACIÓN DECIMAL DEWEY
Número de clasificación 344.729301
Número de documento/Ítem R426c, 1964
110 1# - ENTRADA PRINCIPAL--NOMBRE DE ENTIDAD CORPORATIVA
Nombre de entidad corporativa o nombre de jurisdicción como elemento de entrada República Dominicana.
9 (RLIN) 447
240 10 - TÍTULO UNIFORME
Título uniforme [Código,etc]
245 10 - MENCIÓN DE TÍTULO
Título Código de trabajo.
260 ## - PUBLICACIÓN, DISTRIBUCIÓN, ETC.
Lugar de publicación, distribución, etc. Santo Domingo :
Nombre del editor, distribuidor, etc. Editora del Caribe,
Fecha de publicación, distribución, etc. 1964.
300 ## - DESCRIPCIÓN FÍSICA
Extensión 233 p. ;
Dimensiones 23 cm.
500 ## - NOTA GENERAL
Nota general Votado por la ley Nº 2920 del Congreso Nacional, promulgada por el Poder Ejecutivo el 11 de junio de 1951 y publicada en la Gaceta Oficial Nº 7309 bis, incluyendo todas las modificaciones, correcciones y adiciones hasta la fecha.
504 ## - NOTA DE BIBLIOGRAFÍA, ETC.
Nota de bibliografía, etc. Incluye bibliografía y notas al pie de páginas.
590 ## - NOTA LOCAL (RLIN)
Nota local Inventariado, 2018/VM
650 #4 - PUNTO DE ACCESO ADICIONAL DE MATERIA--TÉRMINO DE MATERIA
Término de materia o nombre geográfico como elemento de entrada Derecho laboral
Subdivisión general Legislación
Subdivisión geográfica República Dominicana
9 (RLIN) 7806
650 #4 - PUNTO DE ACCESO ADICIONAL DE MATERIA--TÉRMINO DE MATERIA
Término de materia o nombre geográfico como elemento de entrada Legislación laboral
Subdivisión geográfica República Dominicana
9 (RLIN) 11733
650 #4 - PUNTO DE ACCESO ADICIONAL DE MATERIA--TÉRMINO DE MATERIA
Término de materia o nombre geográfico como elemento de entrada Leyes
Subdivisión geográfica República Dominicana
9 (RLIN) 3033
651 #4 - PUNTO DE ACCESO ADICIONAL DE MATERIA--NOMBRE GEOGRÁFICO
Nombre geográfico República Dominicana
Subdivisión general Ley 2920
9 (RLIN) 16444
710 1# - PUNTO DE ACCESO ADICIONAL--NOMBRE DE ENTIDAD CORPORATIVA
Nombre de entidad corporativa o nombre de jurisdicción como elemento de entrada República Dominicana.
Unidad subordinada Secretaría de Estado del Trabajo
9 (RLIN) 16445
910 ## - DATOS DE OPCIÓN DEL USUARIO (OCLC)
Datos de opción del usuario Validado. Control de calidad EMS
Holdings
Estado de retiro Estado de pérdida Restricciones de uso No para préstamo Código de colección Localización permanente Ubicación/localización actual Ubicación en estantería Fecha de adquisición Número de inventario Total de préstamos Signatura topográfica completa Código de barras Fecha visto por última vez Número de copia Precio válido a partir de Tipo de ítem Koha
        Raros y valiosos General General Depósito 22.05.2015 LF1   344.01 R426c, 1964 5822-30 25.06.2020 e. 3 25.06.2020 Préstamo en sala
      Excluido de préstamo Raros y valiosos Patrimonio Dominicano Patrimonio Dominicano Depósito 24.08.2009 LF1   344.01 R426c, 1964 5822-10 25.06.2020   25.06.2020 No se presta
      Excluido de préstamo Raros y valiosos Patrimonio Dominicano Patrimonio Dominicano Depósito 24.08.2009 LF1   344.01 R426c, 1964 5822-20 25.06.2020 e. 2 25.06.2020 No se presta

Powered by Koha